000
00219 a2200097 4500
001
13259
100
_a
Ardley, N
245
_a
Infinity's Encyclopaedia of science
260
_a
_b
Infinity Books
_c
090
_c
10251
_d
10251
942
_a
NUST-CAE
_c
M
_c
283
999
_c
248332
_d
248332